000 00401nam a22001697a 4500
003 MPLRDC
005 20220104143504.0
008 210129b ||||| |||| 00| 0 eng d
082 _a832.1 LZC-2
100 _a游泽承
245 _a楚辞概论
_c
250 _a一版一刷
260 _a
_b九思出版社
_c1978
300 _b
650 _a辞赋总集--楚辞
942 _cBK
_o832.1 LZC-2
999 _c40400
_d40390